Central Library OPAC University of Rajshahi

Cultural trends in medieval India : (Record no. 64045)

MARC details
000 -LEADER
fixed length control field 00826nam a2200253 a 4500
001 - CONTROL NUMBER
control field 64045
003 - CONTROL NUMBER IDENTIFIER
rucl marc code BD-RjUL
005 - DATE AND TIME OF LATEST TRANSACTION
control field 20211209081251.0
008 - FIXED-LENGTH DATA ELEMENTS--GENERAL INFORMATION
fixed length control field 170208s1968 ii b 001 0 eng d
035 ## - SYSTEM CONTROL NUMBER
System control number (BD-RjUL)64175
040 ## - CATALOGING SOURCE
Original cataloging agency DLC
Transcribing agency DLC
Modifying agency DLC
-- BD-RjUL
Language of cataloging eng
041 ## - LANGUAGE CODE
Language code of text/sound track or separate title eng
082 ## - DEWEY DECIMAL CLASSIFICATION NUMBER
Edition number 23
Classification number 954
Author mark and year SHC 1968
100 1# - MAIN ENTRY--PERSONAL NAME
Personal name Sherwani, Haroon Khan
9 (RLIN) 190230
245 10 - TITLE STATEMENT
Title Cultural trends in medieval India :
Remainder of title architecture, painting, literature & language /
Statement of responsibility, etc. H. K. Sherwani.
260 ## - PUBLICATION, DISTRIBUTION, ETC. (IMPRINT)
Place of publication, distribution, etc. Bombay ;
-- New York :
Name of publisher, distributor, etc. Asia Pub. House,
Date of publication, distribution, etc. c1968
300 ## - PHYSICAL DESCRIPTION
Pagination vi, 111 p. ;
Size 23 cm.
490 ## - SERIES STATEMENT
Series statement Heras memorial lectures ;
Volume/sequential designation 1965
500 ## - GENERAL NOTE
General note Includes index.
504 ## - BIBLIOGRAPHY, ETC. NOTE
Bibliography, etc Bibliographical footnotes.
651 #0 - SUBJECT ADDED ENTRY--GEOGRAPHIC NAME
Geographic name India
General subdivision Civilization
Chronological subdivision 1200-1765.
9 (RLIN) 190231
830 ## - SERIES ADDED ENTRY--UNIFORM TITLE
Uniform title Heras memorial lectures ;
Volume number/sequential designation 1965
942 ## - ADDED ENTRY ELEMENTS (KOHA)
Source of classification or shelving scheme Dewey Decimal Classification
Koha item type Books
Holdings
Lost status Source of classification or shelving scheme Damaged status Not for loan Collection code Permanent Location Current Location Shelving location Date acquired Source of acquisition Total Checkouts Full call number Date last seen Copy number Koha item type
  Dewey Decimal Classification   Not For Loan Non-fiction Central Library, University of Rajshahi Central Library, University of Rajshahi Reading Room 08/07/1974 India International, kolikata.   954 SHC 1968 08/02/2017 C-1 Books